| 000 | 00932nam a22002897a 4500 | ||
|---|---|---|---|
| 001 | BR8502513 | ||
| 003 | BR-BrBNA | ||
| 005 | 20230928092153.0 | ||
| 007 | ta | ||
| 008 | 230509b bl.||||| |||| 00| 0 por d | ||
| 040 |
_aBR-BrBNA _bpor _cBiblioteca Nacional de Agricultura |
||
| 041 | _a(Por) | ||
| 072 |
_aK10; F70; E70 _b/G514 |
||
| 090 | _ K10 BR8502513 | ||
| 110 | 1 |
_aInstituto Brasileiro de Desenvolvimento Florestal, Brasilia, DF (Brasil). Depto. de Economia Florestal _95731 |
|
| 245 | 1 | _aInventario florestal da gleba Goncalves Dias, Porto Velho/Rondonia. v. 2/3 - sumario executivo [producao florestal, Brasil] | |
| 260 | 3 |
_aBrasilia, DF (Brasil): _c1985. |
|
| 300 | _a32 p. | ||
| 500 | _a14 tables | ||
| 650 | _aPRODUCAO FLORESTAL | ||
| 650 | _aINDUSTRIALIZACAO | ||
| 650 | _aCOMERCIALIZACAO | ||
| 650 | _aEXPORTACAO | ||
| 650 | _aTAXONOMIA VEGETAL | ||
| 909 |
_a202309 _bLucia _c55 _dLucia Elande |
||
| 942 | _cBK | ||
| 999 |
_c37494 _d37494 |
||